Statistics for twenty one pilots - formidable lyrics

Click here to take the quiz!

General Stats

  • This quiz has been taken 54 times
  • The average score is 179 of 224

Answer Stats

Answer% Correct
I
100%
you
100%
are
97%
me
97%
to
97%
for
94%
it
94%
where
94%
be
91%
formidable
91%
go
91%
know
91%
see
91%
just
89%
Just
89%
can
86%
seem
86%
wanna
86%
yeah
86%
I'll
83%
wanna
83%
we
83%
But
80%
but
80%
cause
80%
'cause
80%
follow
80%
ever
77%
might
77%
should
77%
with
77%
I'm
74%
no
74%
that
74%
And
71%
and
71%
die
71%
let
71%
my
71%
cynical
69%
don't
69%
towards
69%
all
66%
will
66%
been
63%
now
63%
take
63%
met
60%
years
60%
can't
57%
fast
57%
believe
54%
everywhere
54%
if
54%
thirteen
54%
afraid
51%
bore
51%
was
51%
what
51%
your
51%
at
49%
clinical
49%
forward
49%
loyalty
49%
in
46%
more
46%
out
46%
than
46%
we've
46%
worried
46%
first
43%
of
43%
reverse
43%
somehow
43%
break
40%
heart
40%
left
40%
spell
40%
tell
40%
won't
40%
played
37%
lemme
31%
suprises
23%

Score Distribution

Percentile by Number Answered

Percent of People with Each Score

Your Score History

You have not taken this quiz